Score 0/24 Timer 04:00
0 Plays Today
Hint 4-Letter Word % Correct
Large farm buildingBARN (you got it)
95.3%
BelchBURP (another big hop down)
94.9%
Leap, hopJUMP all the way to the last rung!
93.8%
DaybreakDAWN
92.7%
Goatee locationCHIN
90.9%
Round metal currencyCOIN
90.8%
Financial institutionBANK
90.6%
Elevator directionDOWN
90.5%
Destroy with fireBURN your muscles jumping back up
90.3%
Chimney residueSOOT
89.5%
Front of lower legSHIN
89.1%
Lose footing, e.g. on iceSLIP
87.5%
Hint 4-Letter Word % Correct
Toward the rearBACK
87%
EpidermisSKIN
85.5%
Pig foodSLOP
75.9%
To have seeded the groundSOWN
75.1%
Omit a stage in a sequence SKIP
73.2%
Mend socksDARN (keep it up)
70.1%
In a short timeSOON
64%
Narrow openingSLOT
52.8%
Protuberance BUMP back up to the second rung!
51.1%
Reverberating sound of hitting headBONK
46.3%
Former W. German capitalBONN
44.5%
Boxer Billy (who fought Joe Louis)CONN
19.8%

Today's Daily Dose

Missing Word
I Hardly Know Her!

Word Ladder
Sentence Ending

Quick Pick
Female Firsts

Get the Picture
Triathlon Sports

Remove Ads.
Support Sporcle.
Get the best of Sporcle when you Go Orange. This ad-free experience offers more features, more stats, and more fun while also helping to support Sporcle. Thank you for becoming a member.

You're not logged in!

Compare scores with friends on all Sporcle quizzes.
OR
Log In

Show Comments

Extras

Top Quizzes Today


Score Distribution

Your Account Isn't Verified!

In order to create a playlist on Sporcle, you need to verify the email address you used during registration. Go to your Sporcle Settings to finish the process.

Report this User

Report this user for behavior that violates our Community Guidelines.

Details: